LEADER 00804nam a22001697a 4500
020 |a 978-81-7758-206-2 
082 |a 658.3  |b GRE/S 
100 |a  Charles R. Greer  |9 170830 
245 |a Strategic Human Resource Management 
250 |a Ed-2 
260 |a New Delhi  |b Pearson  |c 2001 
300 |a 368p. 
650 |a Personnel management  |9 170831 
856 |u https://books.google.co.in/books?id=mK3yYPvj4qwC&printsec=frontcover&dq=Strategic+Human+Resource+Management+-+Charles+R.+Greer&hl=en&sa=X&ved=0CB0Q6wEwAGoVChMIg4WcifPrxgIVAZmUCh2WwwQQ#v=onepage&q=Strategic%20Human%20Resource%20Management%20-%20Charles%20R.%20Greer&f=false 
942 |c BK 
999 |c 188600  |d 188596 
952 |0 0  |1 0  |4 0  |6 658_301000000000000_GRE_S  |7 0  |8 NFIC  |9 188535  |a SMBS  |b SMBS  |c GEN  |d 2015-07-21  |l 0  |o 658.301 GRE/S  |p SMBS3717  |r 2015-07-21  |w 2019-10-16  |y BK